Lady Health wokers' role assessment in TB-Dots Program of N.P.F.P and PHC (Record no. 330413)

000 -LEADER
fixed length control field nam a22 7a 4500
003 - CONTROL NUMBER IDENTIFIER
control field ASAB
005 - DATE AND TIME OF LATEST TRANSACTION
control field 20170710133849.0
008 - FIXED-LENGTH DATA ELEMENTS--GENERAL INFORMATION
fixed length control field 170710b xxu||||| |||| 00| 0 eng d
020 ## - INTERNATIONAL STANDARD BOOK NUMBER
International Standard Book Number 978-969-417-178
040 ## - CATALOGING SOURCE
Transcribing agency ASAB
082 ## - DEWEY DECIMAL CLASSIFICATION NUMBER
Classification number 614.542
100 ## - MAIN ENTRY--PERSONAL NAME
Personal name Dr. Muhammad Anwar Sulehri
9 (RLIN) 3199
245 ## - TITLE STATEMENT
Title Lady Health wokers' role assessment in TB-Dots Program of N.P.F.P and PHC
Statement of responsibility, etc. Dr. Muhammad Anwar Sulehri
260 ## - PUBLICATION, DISTRIBUTION, ETC.
Place of publication, distribution, etc. Islamabad
Name of publisher, distributor, etc. Higher Education comission
Date of publication, distribution, etc. 2012
300 ## - PHYSICAL DESCRIPTION
Extent 85 P
630 ## - SUBJECT ADDED ENTRY--UNIFORM TITLE
Uniform title Tuberculosis
9 (RLIN) 3200
942 ## - ADDED ENTRY ELEMENTS (KOHA)
Source of classification or shelving scheme
Koha item type Book
Holdings
Withdrawn status Lost status Source of classification or shelving scheme Damaged status Not for loan Collection code Permanent Location Current Location Date acquired Total Checkouts Full call number Barcode Date last seen Price effective from Koha item type
            Atta-ur-Rahman School of Applied Biosciences (ASAB) Atta-ur-Rahman School of Applied Biosciences (ASAB) 07/10/2017   614.542 ANW ASAB3409 07/10/2017 07/10/2017 Book
            Atta-ur-Rahman School of Applied Biosciences (ASAB) Atta-ur-Rahman School of Applied Biosciences (ASAB) 07/10/2017   614.542 ANW ASAB3410 07/10/2017 07/10/2017 Book
            Atta-ur-Rahman School of Applied Biosciences (ASAB) Atta-ur-Rahman School of Applied Biosciences (ASAB) 07/10/2017   614.542 ANW ASAB3411 07/10/2017 07/10/2017 Book
            Atta-ur-Rahman School of Applied Biosciences (ASAB) Atta-ur-Rahman School of Applied Biosciences (ASAB) 07/10/2017   614.542 ANW ASAB3412 07/10/2017 07/10/2017 Book
© 2023 Central Library, National University of Sciences and Technology. All Rights Reserved.